| 000 | 00817nam a2200181Ia 4500 | ||
|---|---|---|---|
| 008 | 090630s9999 xx 000 0 und d | ||
| 082 | _b26424 | ||
| 100 | _aदेशपांडे वि. भा. / जोगळेकर सुषमा. | ||
| 245 |
_aमराठी कलाभिरुची. _cदेशपांडे वि. भा. / जोगळेकर सुषमा. |
||
| 260 |
_bकॉन्टीनेंटल. _c2000 |
||
| 300 | _a191 | ||
| 600 | _aदेशपांडे वि. भा. / जोगळेकर सुषमा. | ||
| 630 | _aमराठी कलाभिरुची. | ||
| 655 | _aइतर. | ||
| 700 | _aदेशपांडे वि. भा. / जोगळेकर सुषमा. | ||
| 730 | _aमराठी कलाभिरुची. | ||
| 942 | _cBOOK | ||
| 999 |
_c278280 _d278280 |
||